书目信息 |
| 题名: |
二十国集团 (G20) 发展报告
|
|
| 作者: | ;北京外国语大学 编著 | |
| 分册: | 2019-2020 | |
| 出版信息: | 北京 经济日报出版社 2020.09 |
|
| 页数: | 320页 | |
| 开本: | 24cm | |
| 丛书名: | ||
| 单 册: | ||
| 中图分类: | F116 | |
| 科图分类: | ||
| 主题词: | 国际经济合作组织--guo ji jing ji he zuo zu zhi--研究报告--2019-2020 | |
| 电子资源: | ||
| ISBN: | 978-7-5196-0709-8 | |
| 000 | 01214nam 2200277 450 | |
| 001 | CAL Rt949-0491 | |
| 005 | 20230227190141.85 | |
| 010 | @a978-7-5196-0709-8@dCNY52.00 | |
| 100 | @a20201102d2020 em y0chiy0120 ea | |
| 101 | 0 | @achi |
| 102 | @aCN@b110000 | |
| 105 | @aak a 000yy | |
| 106 | @ar | |
| 200 | 1 | @a二十国集团 (G20) 发展报告@Aer shi guo ji tuan ( G20 ) fa zhan bao gao@h2019-2020@f北京外国语大学二十国集团研究中心编著 |
| 210 | @a北京@c经济日报出版社@d2020.09 | |
| 215 | @a320页@c图@d24cm | |
| 300 | @a本书由中央高校基本科研业务费专项资金资助 二十国集团 (G20) 发展年度报告资助 | |
| 312 | @a英文题名取自封面 | |
| 320 | @a有书目 | |
| 330 | @a本书依托于北京外国语大学得天独厚的语言优势和国别研究与经济研究的学术优势, 充分挖掘对象国的最新发展状况, 数据丰富, 分析独到。内容包括: 2019年中国经济观察报告 ; 2019年美国经济观察报告等。 | |
| 510 | 1 | @aDevelopment report on G20@h2019-2020@zeng |
| 606 | 0 | @a国际经济合作组织@Aguo ji jing ji he zuo zu zhi@x研究报告@z2019-2020 |
| 690 | @aF116@v5 | |
| 711 | 02 | @a北京外国语大学@Abei jing wai guo yu da xue@b二十国集团研究中心@Ber shi guo ji tuan yan jiu zhong xin@4编著 |
| 801 | 0 | @aCN@bBJXHZP@c20230222 |
| 905 | @b1393315-8@dF116@e206(2019-2020)@f4 | |
| 二十国集团 (G20) 发展报告.2019-2020/北京外国语大学二十国集团研究中心编著.-北京:经济日报出版社,2020.09 |
| 320页:图;24cm |
| 本书由中央高校基本科研业务费专项资金资助 二十国集团 (G20) 发展年度报告资助 |
| ISBN 978-7-5196-0709-8:CNY52.00 |
| 本书依托于北京外国语大学得天独厚的语言优势和国别研究与经济研究的学术优势, 充分挖掘对象国的最新发展状况, 数据丰富, 分析独到。内容包括: 2019年中国经济观察报告 ; 2019年美国经济观察报告等。 |
| ● |
| 相关链接 |
|
|
|
|
正题名:二十国集团 (G20) 发展报告
索取号:F116/206(2019-2020)
 
预约/预借
| 序号 | 登录号 | 条形码 | 馆藏地/架位号 | 状态 | 备注 |
| 1 | 1393315 | 213933154 | 第一样本阅览室/ [索取号:F116/206(2019-2020)] | 在馆 | |
| 2 | 1393316 | 213933163 | 第一借阅区/ [索取号:F116/206(2019-2020)] | 在馆 | |
| 3 | 1393317 | 213933172 | 第一借阅区/ [索取号:F116/206(2019-2020)] | 在馆 | |
| 4 | 1393318 | 213933181 | 第一借阅区/ [索取号:F116/206(2019-2020)] | 在馆 |